000 00421nam a2200121 4500
999 _c15159
_d15159
008 200305b ||||| |||| 00| 0 eng d
100 _941913
_aRamos, Mariejo S.
_eAuthor,
245 _aPossible meningococcemia case reported in Valenzuela City hospital/
_cMariejo S. Ramos.
260 _aPhilippines;
_bPhilippines Daily Inquirer,
_c©2019.
300 _apage A13;
_c29.5cm.
650 _aDiseases.
_941914
942 _2ddc
_cPER